Detalles MARC
| 000 -LIDER |
| fixed length control field |
01281nam a2200349 a 4500 |
| 003 - IDENTIFICACDOR DE NÚMERO DE CONTROL |
| control field |
DO-SdBNP |
| 005 - DATE AND TIME OF LATEST TRANSACTION |
| control field |
20220119100342.0 |
| 008 - ELEMENTOS DE LONGITUD FIJA |
| fixed length control field |
110128s2010 dr 000 0 spa d |
| 020 ## - ISBN |
| International Standard Book Number |
9789945074024 |
| 040 ## - FUENTE DE CATALOGACIÓN |
| Agencia que crea de manera original el registro |
DO-SdBNP |
| Idioma de catalogación |
spa |
| Agencia que realiza la transcripción |
BPMSU |
| 082 ## - NÚMERO DE CLASIFICACIÓN DECIMAL DE DEWEY |
| Classification number |
378.97293 |
| Item number |
G463e 2010 |
| Edition number |
22 |
| 100 1# - ASIENTO PRINCIPAL -- NOMBRE PERSONAL |
| Nombre personal |
Gil Arantegui, Malaquías |
| Fechas asociadas con el nombre |
1912- |
| 245 10 - MENCIÓN DE TITULO |
| Título |
Escritos pedagógicos / |
| Mención de responsabilidad |
Malaquías Gil Arantegui |
| 250 ## - MENCIÓN DE EDICION |
| Mención de edición |
2a ed. |
| 260 ## - PUBLICACIÓN, DISTRIBUCIÓN, ETC. (PIE DE IMPRENTA) |
| Lugar de publicación, distribución, etc |
Santo Domingo : |
| Nombre del editor, distribuidor, etc. |
Comisión Permanente de Efemérides Patrias, |
| Fecha de publicación, distribución, etc |
2010. |
| 300 ## - DESCRIPCIÓN FÍSICA |
| Extensión |
257 p. ; |
| Dimensiones |
23 cm. |
| 490 0# - MENCIÓN DE SERIES |
| Mención de serie |
Archivo General de la Nación, |
| -- |
109 |
| 500 ## - NOTA GENERAL |
| Nota general |
Incluye índice onomástico |
| 500 ## - NOTA GENERAL |
| Nota general |
Incluye datos biográficos del autor en las solapas |
| 500 ## - NOTA GENERAL |
| Nota general |
Incluye referencias bibliográficas y notas al pie de las páginas |
| 590 ## - NOTA LOCAL |
| Enlace |
Inventariado, 2022/VM |
| 650 ## - ENCABEZAMIENTO DE MATERIA--TEMÁTICO |
| Término temático o nombre geográfico como elemento de entrada |
Educación. |
| Subdivisión temática general |
Historia |
| Subdivisión geográfica |
República Dominicana |
| 650 #4 - ENCABEZAMIENTO DE MATERIA--TEMÁTICO |
| Término temático o nombre geográfico como elemento de entrada |
Filosofía de la educación. |
| 650 #4 - ENCABEZAMIENTO DE MATERIA--TEMÁTICO |
| Término temático o nombre geográfico como elemento de entrada |
Pedagogía. |
| 710 2# - ASIENTO SECUNDARIO -- NOMBRE CORPORATIVO |
| Nombre corporativo o de jurisdicción |
Comisión Permanente de Efemérides Patrias (República Dominicana) |
| 710 2# - ASIENTO SECUNDARIO -- NOMBRE CORPORATIVO |
| Nombre corporativo o de jurisdicción |
Archivo General de la Nación (República Dominicana) |
| 810 z# - SERIES ADDED ENTRY--CORPORATE NAME |
| Corporate name or jurisdiction name as entry element |
República Dominicana. |
| Subordinate unit |
Archivo General de la Nación |
| 810 z# - SERIES ADDED ENTRY--CORPORATE NAME |
| Corporate name or jurisdiction name as entry element |
AGN |
| 830 ## - ASIENTO SECUNDARIO DE SERIE--TÍTULO UNIFORME |
| Título uniforme |
Archivo General de la Nación |
| 910 ## - VALIDACIÓN |
| Validación |
VMateo V. |
| 942 ## - ADDED ENTRY ELEMENTS (KOHA) |
| Source of classification or shelving scheme |
Dewey Decimal Classification |
| Koha item type |
Libros |